000 00352nam a2200145Ia 4500
008 220216s9999 xx 000 0 und d
100 _aWeih Mark
245 0 _aBonding preparation saves time
260 _bEuropean Rubber Journal
_c2002
300 _a18-21
650 _aBonding
650 _aGrit blasting
700 _aRearick Brett
942 _cJS
999 _c54890
_d54890